<?xml version="1.0" encoding="UTF-8"?>
<record
    xmlns:xsi="http://www.w3.org/2001/XMLSchema-instance"
    xsi:schemaLocation="http://www.loc.gov/MARC21/slim http://www.loc.gov/standards/marcxml/schema/MARC21slim.xsd"
    xmlns="http://www.loc.gov/MARC21/slim">

  <leader>03267nam a2200349 a 4500</leader>
  <controlfield tag="003">OSt</controlfield>
  <controlfield tag="005">20251022111439.0</controlfield>
  <controlfield tag="007">cr ||||||a|a|a</controlfield>
  <controlfield tag="008">251021s2025    mx a|||fom||| 001 0 spa d</controlfield>
  <datafield tag="040" ind1=" " ind2=" ">
    <subfield code="e">rda</subfield>
  </datafield>
  <datafield tag="100" ind1="1" ind2=" ">
    <subfield code="a">&#xC1;ngel L&#xF3;pez, Cielo</subfield>
    <subfield code="9">191346</subfield>
  </datafield>
  <datafield tag="245" ind1="1" ind2="0">
    <subfield code="a">Beneficio de la alimentaci&#xF3;n diferenciada en gallinas de postura Lohmann /</subfield>
    <subfield code="c">por Cielo &#xC1;ngel L&#xF3;pez y Tomasa P&#xE9;rez P&#xE9;rez,; director de tesis Elvia L&#xF3;pez P&#xE9;rez; secretario Jos&#xE9; Luis Zaragoza Ram&#xED;rez; vocal Josu&#xE9; Juvencio Arroyo Villegas; suplente Silvia Carrillo Dom&#xED;nguez; suplente Agust&#xED;n Ruiz Flores.</subfield>
  </datafield>
  <datafield tag="264" ind1=" " ind2="1">
    <subfield code="a">Chapingo, M&#xE9;xico :</subfield>
    <subfield code="b">El autor,</subfield>
    <subfield code="c">2025.</subfield>
  </datafield>
  <datafield tag="300" ind1=" " ind2=" ">
    <subfield code="a">1 recurso en l&#xED;nea (76 p&#xE1;ginas):</subfield>
    <subfield code="b">cuadros, figuras.</subfield>
  </datafield>
  <datafield tag="336" ind1=" " ind2=" ">
    <subfield code="2">rdacontent</subfield>
    <subfield code="a">texto</subfield>
    <subfield code="b">txt</subfield>
  </datafield>
  <datafield tag="337" ind1=" " ind2=" ">
    <subfield code="2">rdamedia</subfield>
    <subfield code="a">computadora</subfield>
    <subfield code="b">c</subfield>
  </datafield>
  <datafield tag="338" ind1=" " ind2=" ">
    <subfield code="2">rdacarrier</subfield>
    <subfield code="a">recurso en l&#xED;nea</subfield>
    <subfield code="b">cr</subfield>
  </datafield>
  <datafield tag="502" ind1=" " ind2=" ">
    <subfield code="b">IAEZ</subfield>
    <subfield code="c">Zootecn&#xED;a</subfield>
    <subfield code="d">2025.</subfield>
    <subfield code="g">LIC</subfield>
  </datafield>
  <datafield tag="504" ind1=" " ind2=" ">
    <subfield code="a">Incluye referencias bibliogr&#xE1;ficas:76 p&#xE1;ginas .</subfield>
  </datafield>
  <datafield tag="520" ind1=" " ind2=" ">
    <subfield code="a">Con el objetivo de evaluar el comportamiento productivo y la calidad del huevo en gallinas Lohmann Brown alimentadas con dietas convencional y diferencial, bajo dos sistemas de manejo: confinamiento y pastoreo. Se utilizaron 100 aves de 22 semanas de edad, distribuidas aleatoriamente en cuatro tratamientos; 1 (AC_PA): Alimento convencional con pastoreo; corrales 1, 2 y 3, con 9 gallinas en los dos primeros y 8 en el tercero. 2 (AD_PA): Alimento diferencial con pastoreo; corrales 4, 5 y 6, con 8 gallinas en cada uno. 3 (AC_PI): Alimento convencional con confinamiento; corrales 7, 8 y 9, con 9 gallinas en los dos primeros y 8 en el tercero. 4 (AD_PI): Alimento diferencial con confinamiento; corrales 10, 11 y 12, con 8 gallinas en cada uno. Durante un periodo de nueve semanas. Se determin&#xF3; el consumo de alimento, la producci&#xF3;n de huevo, as&#xED; como par&#xE1;metros relacionados con la calidad del huevo peso, tama&#xF1;o, color de yema, altura de alb&#xFA;mina, &#xED;ndice morfol&#xF3;gico, peso del cascaron y grosor del cascar&#xF3;n. Los tratamientos con dieta diferencial (AD_PI y AD_PA) mostraron los mayores porcentajes de postura (97.62 % y 97.02 %, respectivamente), superando a los grupos con dieta convencional. El acceso al pastoreo mejor&#xF3; el color de la yema. Todos los tratamientos mantuvieron una calidad de huevo comercialmente aceptable. El an&#xE1;lisis econ&#xF3;mico indic&#xF3; que el tratamiento AD_PA fue el m&#xE1;s rentable, con el menor costo por huevo producido ($0.97). Se concluye que la dieta diferencial, especialmente bajo pastoreo, optimiza la productividad y la rentabilidad sin afectar la calidad del producto.</subfield>
  </datafield>
  <datafield tag="650" ind1=" " ind2="4">
    <subfield code="a">Gallinas de postura</subfield>
    <subfield code="x">Alimentaci&#xF3;n</subfield>
    <subfield code="9">191330</subfield>
  </datafield>
  <datafield tag="650" ind1=" " ind2="4">
    <subfield code="a">Gallinas de postura</subfield>
    <subfield code="x">Rendimiento</subfield>
    <subfield code="9">191190</subfield>
  </datafield>
  <datafield tag="650" ind1=" " ind2="1">
    <subfield code="a">Huevos</subfield>
    <subfield code="x">Calidad</subfield>
    <subfield code="9">56742</subfield>
  </datafield>
  <datafield tag="700" ind1="1" ind2=" ">
    <subfield code="a">P&#xE9;rez P&#xE9;rez, Tomasa</subfield>
    <subfield code="9">191347</subfield>
  </datafield>
  <datafield tag="700" ind1="1" ind2=" ">
    <subfield code="a">L&#xF3;pez P&#xE9;rez, Elvia</subfield>
    <subfield code="9">68223</subfield>
    <subfield code="e">director.</subfield>
  </datafield>
  <datafield tag="700" ind1="1" ind2=" ">
    <subfield code="a">Zaragoza Ram&#xED;rez, Jos&#xE9; Luis</subfield>
    <subfield code="9">191398</subfield>
    <subfield code="e">secretario.</subfield>
  </datafield>
  <datafield tag="700" ind1="1" ind2=" ">
    <subfield code="a">Arroyo Villegas, Josu&#xE9; Juvencio</subfield>
    <subfield code="9">7545</subfield>
    <subfield code="e">vocal.</subfield>
  </datafield>
  <datafield tag="700" ind1="1" ind2=" ">
    <subfield code="a">Carrillo Dom&#xED;nguez, Silvia</subfield>
    <subfield code="9">189359</subfield>
    <subfield code="e">suplente.</subfield>
  </datafield>
  <datafield tag="700" ind1="1" ind2=" ">
    <subfield code="a">Ruiz Flores, Agust&#xED;n</subfield>
    <subfield code="9">100671</subfield>
    <subfield code="e">suplente.</subfield>
  </datafield>
  <datafield tag="856" ind1=" " ind2=" ">
    <subfield code="u">http://10.13.5.2/tesis/tl/1710112-7_Y_1911914-6_ANGEL_LOPEZ_CIELO_Y_PEREZ_PEREZ_TOMASA.pdf</subfield>
    <subfield code="z">DESCARGAR PDF</subfield>
  </datafield>
  <datafield tag="942" ind1=" " ind2=" ">
    <subfield code="2">Clasificaci&#xF3;n Universidad Aut&#xF3;noma Chapingo</subfield>
    <subfield code="c">TD</subfield>
  </datafield>
  <datafield tag="999" ind1=" " ind2=" ">
    <subfield code="c">233089</subfield>
    <subfield code="d">233089</subfield>
  </datafield>
  <datafield tag="952" ind1=" " ind2=" ">
    <subfield code="0">0</subfield>
    <subfield code="1">0</subfield>
    <subfield code="2">local</subfield>
    <subfield code="4">0</subfield>
    <subfield code="5">1</subfield>
    <subfield code="7">0</subfield>
    <subfield code="8">TesDigL</subfield>
    <subfield code="a">BD</subfield>
    <subfield code="b">BD</subfield>
    <subfield code="c">E_L</subfield>
    <subfield code="d">2025-10-21</subfield>
    <subfield code="l">0</subfield>
    <subfield code="o">Tesis digital</subfield>
    <subfield code="r">2025-10-21 14:05:56</subfield>
    <subfield code="w">2025-10-21</subfield>
    <subfield code="y">TD</subfield>
  </datafield>
</record>
